Save Queen of Sheba / Louise Moeri.
Available copies
- 1 of 1 copy available at LARL/NWRL Consortium.
Current holds
0 current holds with 1 total copy.
Show Only Available Copies
| Location | Call Number / Copy Notes | Barcode | Shelving Location | Status | Due Date |
|---|---|---|---|---|---|
| Roseau Public Library | j MOE (Text) | 35500003797865 | Main | Available | - |
Record details
- ISBN: 0140371486 :
- Physical Description: 116 p. ; 20 cm.
- Publisher: New York : Puffin Books, c1994.
Content descriptions
| Summary, etc.: | After miraculously surviving a Sioux Indian raid ... Read More |
Search for related items by subject
| Subject: | West (U.S.) > Fiction. Survival > Fiction. |
| LDR | 00878nam a2200229 a 4500 | ||
|---|---|---|---|
| 001 | 68193 | ||
| 003 | LARL_NWRL_CONSORTIUM | ||
| 005 | 19950328085146.7 | ||
| 008 | 941216s1994 nyu j 000 1 eng d | ||
| 010 | . | ‡a94239137 | |
| 020 | . | ‡a0140371486 : ‡c$3.99 ($4.99 Can.) | |
| 040 | . | ‡aDLC ‡cDLC | |
| 042 | . | ‡alcac | |
| 082 | 0 | 0. | ‡a[Fic] ‡220 |
| 100 | 1 | . | ‡aMoeri, Louise. ‡0(LARL_NWRL_CONSORTIUM)45677 |
| 245 | 1 | 0. | ‡aSave Queen of Sheba / ‡cLouise Moeri. |
| 260 | . | ‡aNew York : ‡bPuffin Books, ‡cc1994. | |
| 300 | . | ‡a116 p. ; ‡c20 cm. | |
| 520 | . | ‡aAfter miraculously surviving a Sioux Indian raid on the trail to Oregon, a brother and sister set out with few provisions to find the rest of the settlers. | |
| 651 | 1. | ‡aWest (U.S.) ‡vFiction. ‡0(LARL_NWRL_CONSORTIUM)176229 | |
| 650 | 1. | ‡aSurvival ‡vFiction. | |
| 901 | . | ‡a68193 ‡bISxN ‡c68193 ‡tbiblio | |

Add to basket
Permalink
Enable Highlighting